[Event "The Viking Invasion"]
[Site "SchemingMind.com"]
[Date "2015.05.04"]
[Round "-"]
[White "The Stonewall"]
[Black "William Lindberg"]
[Result "1/2-1/2"]
[WhiteCountry "ENG"]
[BlackCountry "USA"]
[WhiteElo "2198"]
[WhiteRD "76"]
[BlackElo "2227"]
[BlackRD "67"]
[GameID "379219"]

1. d4 Nf6 2. c4 e6 3. g3 d5 4. Nf3 dxc4 5. Bg2 Nc6 6. Qa4 Rb8 7. Qxc4 Qd5 8. Qd3 Qf5 9. Qxf5 exf5 10. O-O Bd6
11. Rd1 O-O 12. Nc3 Re8 13. d5 Ne7 14. Nd4 a6 15. Bg5 Ng4 16. h3 Ne5 17. b3 N5g6 18. Rac1 h6 19. Be3 h5 20. h4 f4
21. Bxf4 Nxf4 22. gxf4 Bxf4 23. e3 Be5 24. Nf3 Bd6 25. Ne4 Bg4 26. Nxd6 cxd6 27. Rc7 Kf8 28. Kh2 Rec8 29. Rcc1 a5 30. Kg3 Nf5+
31. Kf4 g6 32. Rh1 Kg7 33. Rc4 Bxf3 34. Bxf3 Rxc4+ 35. bxc4 Kh6 36. Ke4 b5 37. Kd3 bxc4+ 38. Kc3 Ne7 39. e4 Nc8 40. Be2 Nb6
41. a3 f5 42. exf5 Nxd5+ 43. Kxc4 Nf4 44. Bf3 Rc8+ 45. Kb5 g5 46. Kxa5 Rc3 47. hxg5+ Kxg5 48. Bxh5 Nxh5 49. Rd1 Nf6 50. Rxd6 Rxa3+
51. Kb5 Ra1 52. Kb4 Kxf5 53. f3 Ke5 54. Rd8 Nd5+ 55. Kb5 Rb1+ 56. Kc4 Rc1+ 57. Kb3 Rc3+ 58. Kb2 Rxf3 59. Re8+ Kd4 60. Rd8 Rg3
61. Kc2 Ra3 62. Kb2 Rh3 63. Kc2 Rh2+ 64. Kb3 Rh7 65. Kc2 Rb7 66. Rd6 Rb8 67. Rd7 Rg8 68. Rd6 Rf8 69. Kb3 Rh8 70. Kc2 Rh2+
71. Kb3 Rh3+ 72. Kc2 Rg3 73. Rd8 Rc3+ 74. Kd2 Rf3 75. Ke2 Ra3 76. Kf2 Ke4 77. Re8+ Kf5 78. Rf8+ Nf6 79. Ke2 Ke5 80. Rd8 Ke4
81. Kd2 Rh3 82. Kc2 Nd5 83. Kb2 Rh6 84. Kb3 Kd4 85. Kc2 Rb6 86. Rd7 Rc6+ 87. Kd2 Ra6 88. Ke2 Ke4 89. Kf2 Ra8 90. Kg3 Ra3+
91. Kf2 Rf3+ 92. Ke2 Rc3 93. Kf2 Nf6 94. Re7+ Kd4 95. Ke2 Rg3 96. Kf2 Rc3 97. Ke2 Ra3 98. Rc7 Rb3 99. Re7 Rb8 100. Kf3 Rb3+
101. Ke2 Rb8 102. Kf3 Rf8 103. Kg3 Ne4+ 104. Kg4 Ra8 105. Rg7 Ra1 106. Rd7+ Ke3 107. Kf5 Ra5+ 108. Kg6 Ra6+
1/2-1/2

[Event "The Viking Invasion"]
[Site "SchemingMind.com"]
[Date "2015.05.04"]
[Round "-"]
[White "William Lindberg"]
[Black "The Stonewall"]
[Result "0-1"]
[WhiteCountry "USA"]
[BlackCountry "ENG"]
[WhiteElo "2209"]
[WhiteRD "65"]
[BlackElo "2216"]
[BlackRD "75"]
[GameID "379220"]

1. c4 d6 2. d4 Nf6 3. Nc3 e5 4. dxe5 dxe5 5. Qxd8+ Kxd8 6. Nf3 Nfd7 7. g3 f6 8. Bg2 c6 9. Be3 a5 10. O-O Kc7
11. Rfd1 Bc5 12. Bd2 Be7 13. Rab1 Nc5 14. Be3 Bf5 15. Rbc1 Nbd7 16. Nd2 Rhd8 17. Nde4 b6 18. Bf3 Bg6 19. Bg2 a4 20. Nb5+ cxb5
21. Nc3 Bf7 22. Nxb5+ Kb8 23. Bxa8 Kxa8 24. b4 axb3 25. Bxc5 Nxc5 26. Rxd8+ Bxd8 27. axb3 Be7 28. Rb1 Kb8 29. Kg2 Bg6 30. Rb2 Be4+
31. f3 Bc6 32. Nc3 f5 33. Kf2 Kc7 34. b4 Na4 35. Nxa4 Bxa4 36. Ra2 Bc6 37. g4 fxg4 38. b5 Bc5+ 39. Kg3 Bb7 40. fxg4 g5
41. h4 h6 42. Ra7 Bd4 43. Kh3 e4 44. Ra3 gxh4 45. Kxh4 Kd6 46. Kg3 Ke5 47. Ra7 Bc8 48. Rh7 Be3 49. c5 Bxc5 50. Rxh6 Be6
51. Rh5+ Kd4 52. g5 Ke3 53. Rh4 Bc4 54. g6 Bd4 55. Rg4 Bg7 56. Rh4 Bxe2 57. Rh7 Be5+ 58. Kg2 Bxb5 59. Re7 Kd4 60. g7 Bc4
61. Rd7+ Kc5 62. Re7 Kd6 63. Rb7 Bd4 64. Ra7 e3 65. Kf3 b5 66. Rb7 e2 67. g8=Q Bxg8 68. Kxe2 Kc5 69. Rc7+ Kd5 70. Kd3 Be6
71. Rb7 Bf5+ 72. Kd2 Kc4 73. Rf7 Bg4 74. Rc7+ Bc5 75. Rh7 Be6 76. Rh4+ Bd4 77. Re4 Kd5 78. Re1 b4 79. Kc2 Kd6 80. Kd3 Be5
81. Ke4 Bd5+ 82. Ke3 b3 83. Kd3 Be6 84. Rf1 Kc5 85. Ke4 Bg7 86. Rc1+ Kb4 87. Rg1 b2 88. Re1 Ba2 89. Kd3 b1=Q+ 90. Rxb1+ Bxb1+
91. Kd2 Bh6+ 92. Ke2 Kc3 93. Ke1 Kd3 94. Kf2 Be3+ 95. Kf3 Bc2 96. Kg4 Ke4 97. Kg3 Bd3 98. Kg4 Bf4 99. Kh3 Kf3 100. Kh4 Bg6
101. Kh3 Bg5 102. Kh2 Kf2
0-1

[Event "The Viking Invasion"]
[Site "SchemingMind.com"]
[Date "2015.04.30"]
[Round "-"]
[White "Greg Magne"]
[Black "Dinomat"]
[Result "0-1"]
[WhiteCountry "CAN"]
[BlackCountry "GER"]
[WhiteElo "1843"]
[WhiteRD "69"]
[BlackElo "2499"]
[BlackRD "91"]
[GameID "379270"]

1. e4 c5 2. Nf3 d6 3. d4 cxd4 4. Nxd4 Nf6 5. Nc3 a6 6. Bg5 e6 7. f4 Qb6 8. Qd2 Qxb2 9. Nb3 Qa3 10. Bxf6 gxf6
11. Be2 h5 12. f5 Bd7 13. fxe6 fxe6 14. O-O Nc6 15. e5 fxe5 16. Qg5 Be7 17. Bxh5+ Kd8 18. Qg4 Kc7 19. Qe2 Qb4 20. Ne4 Rxh5
21. Qxh5 Qxe4 22. Qd1 Rg8 23. Rf2 Nb4 24. Nd2 Qg6 25. a3 Bc6 26. axb4 Bxg2 27. Qe1 Bf3+ 28. Kf1 Qg1#
0-1

[Event "The Viking Invasion"]
[Site "SchemingMind.com"]
[Date "2015.04.30"]
[Round "-"]
[White "Dinomat"]
[Black "Greg Magne"]
[Result "1-0"]
[WhiteCountry "GER"]
[BlackCountry "CAN"]
[WhiteElo "2499"]
[WhiteRD "91"]
[BlackElo "1843"]
[BlackRD "69"]
[GameID "379271"]

1. c4 c5 2. Nf3 Nc6 3. Nc3 Nf6 4. d4 cxd4 5. Nxd4 e6 6. Bf4 Bb4 7. Nb5 e5 8. Bg5 a6 9. Nd6+ Bxd6 10. Qxd6 Qe7
11. Qxe7+ Nxe7 12. e4 O-O 13. O-O-O h6 14. Bxf6 gxf6 15. c5 Nc6 16. Rd6 Kg7 17. Nd5 f5 18. exf5 Nd4 19. f6+ Kg6 20. Bd3+ Kg5
21. h4+ Kg4 22. Rh3 b5 23. Ne3+ Kf4 24. Rf3+ Nxf3 25. g3#
1-0

[Event "The Viking Invasion"]
[Site "SchemingMind.com"]
[Date "2015.05.05"]
[Round "-"]
[White "The Stonewall"]
[Black "Dinomat"]
[Result "0-1"]
[WhiteCountry "ENG"]
[BlackCountry "GER"]
[WhiteElo "2216"]
[WhiteRD "75"]
[BlackElo "2488"]
[BlackRD "90"]
[GameID "379272"]

1. d4 Nf6 2. c4 e6 3. g3 c5 4. Nf3 cxd4 5. Nxd4 d5 6. Bg2 e5 7. Nc2 d4 8. f4 Nc6 9. fxe5 Ng4 10. O-O Ngxe5
11. Bf4 Nxc4 12. b3 N4e5 13. Kh1 Ng6 14. Qd3 Be7 15. Nd2 O-O 16. Nf3 Nxf4 17. gxf4 Bf6 18. Rad1 Bg4 19. e4 dxe3 20. Nxe3 Be6
21. Qb1 Qb6 22. Rfe1 Rad8 23. f5 Rxd1 24. Qxd1 Bc8 25. Nd5 Qd8 26. Qd3 a5 27. Qe4 Nb4 28. Nxb4 axb4 29. Qxb4 Bxf5 30. Qxb7 Qd6
31. Qa7 Rc8 32. a4 g6 33. a5 Kg7 34. Rf1 Rc3 35. Qb7 Bd3 36. Rd1 Qf4 37. Re1 Rc1 38. Qd5 Bh4
0-1

[Event "The Viking Invasion"]
[Site "SchemingMind.com"]
[Date "2015.05.05"]
[Round "-"]
[White "Dinomat"]
[Black "The Stonewall"]
[Result "1-0"]
[WhiteCountry "GER"]
[BlackCountry "ENG"]
[WhiteElo "2488"]
[WhiteRD "90"]
[BlackElo "2216"]
[BlackRD "75"]
[GameID "379273"]

1. c4 d6 2. d4 e5 3. Nf3 e4 4. Ng5 f5 5. Nc3 Be7 6. Nh3 c6 7. e3 Nf6 8. Be2 O-O 9. O-O Na6 10. d5 c5
11. b3 Bd7 12. Bb2 Nc7 13. a3 a6 14. b4 b6 15. Qd2 Qe8 16. f3 Rb8 17. fxe4 fxe4 18. Nf4 g5 19. Nh5 Nxh5 20. Nxe4 Ng7
21. Rxf8+ Qxf8 22. Rf1 Bf5 23. Ng3 Nce8 24. e4 Bf6 25. Nxf5 Nxf5 26. Rxf5 Qh6 27. bxc5 bxc5 28. Bxf6 Nxf6 29. e5 dxe5 30. g3 e4
31. d6
1-0

[Event "The Viking Invasion"]
[Site "SchemingMind.com"]
[Date "2015.04.30"]
[Round "-"]
[White "Abstract Actuary"]
[Black "Dinomat"]
[Result "0-1"]
[WhiteCountry "USA"]
[BlackCountry "GER"]
[WhiteElo "1873"]
[WhiteRD "71"]
[BlackElo "2465"]
[BlackRD "89"]
[GameID "379274"]

1. e4 c5 2. d4 cxd4 3. c3 dxc3 4. Nxc3 d6 5. Bc4 e6 6. Nf3 a6 7. O-O b5 8. Bb3 Nc6 9. Qe2 Ra7 10. Be3 Rd7
11. Rfd1 Bb7 12. Rac1 Be7 13. a4 b4 14. Na2 Nf6 15. Bf4 h6 16. h4 Na5 17. Bxe6 fxe6 18. Nxb4 Nxe4 19. Nxa6 O-O 20. Nc7 Rxc7
0-1

[Event "The Viking Invasion"]
[Site "SchemingMind.com"]
[Date "2015.04.30"]
[Round "-"]
[White "Dinomat"]
[Black "Abstract Actuary"]
[Result "1-0"]
[WhiteCountry "GER"]
[BlackCountry "USA"]
[WhiteElo "2499"]
[WhiteRD "91"]
[BlackElo "1889"]
[BlackRD "68"]
[GameID "379275"]

1. e4 e5 2. Nf3 Nf6 3. Nxe5 d6 4. Nf3 Nxe4 5. d4 d5 6. Bd3 Bd6 7. O-O O-O 8. c4 c6 9. cxd5 cxd5 10. Nc3 Nxc3
11. bxc3 Bg4 12. Rb1 Bxf3 13. Qxf3 h6 14. Qf5 g6 15. Qh3 h5 16. Rxb7 Nd7 17. Rxd7
1-0

[Event "The Viking Invasion"]
[Site "SchemingMind.com"]
[Date "2015.05.03"]
[Round "-"]
[White "rookie31"]
[Black "Dinomat"]
[Result "0-1"]
[WhiteCountry "IND"]
[BlackCountry "GER"]
[WhiteElo "2167"]
[WhiteRD "68"]
[BlackElo "2499"]
[BlackRD "91"]
[GameID "379276"]

1. e4 c5 2. c4 Nc6 3. Nf3 e5 4. d3 d6 5. Nc3 Be7 6. Be2 Nf6 7. O-O O-O 8. Qb3 Bd7 9. Bd2 a6 10. a4 Rb8
11. h3 Ne8 12. Rac1 Nc7 13. Nd5 b5
0-1

[Event "The Viking Invasion"]
[Site "SchemingMind.com"]
[Date "2015.05.02"]
[Round "-"]
[White "Dinomat"]
[Black "rookie31"]
[Result "1-0"]
[WhiteCountry "GER"]
[BlackCountry "IND"]
[WhiteElo "2499"]
[WhiteRD "91"]
[BlackElo "2167"]
[BlackRD "68"]
[GameID "379277"]

1. Nf3 Nf6 2. c4 e5 3. Nc3 Nc6 4. e3 Bb4 5. Qc2 O-O 6. Nd5 Bc5 7. a3 a5 8. Bd3 g6 9. b3 d6 10. Bb2 Re8
11. O-O Bg4 12. Be2 Bf5 13. d3 Bd7 14. Rfe1 Ba7 15. Rad1 Rc8 16. Nc3 Bb6 17. h3 Ra8 18. d4
1-0

[Event "The Viking Invasion"]
[Site "SchemingMind.com"]
[Date "2015.05.01"]
[Round "-"]
[White "GBEDARD"]
[Black "Dinomat"]
[Result "0-1"]
[WhiteCountry "USA"]
[BlackCountry "GER"]
[WhiteElo "2054"]
[WhiteRD "67"]
[BlackElo "2488"]
[BlackRD "90"]
[GameID "379278"]

1. e4 c5 2. Nf3 e6 3. d4 cxd4 4. Nxd4 a6 5. Bd3 d6 6. O-O Nf6 7. c4 Qc7 8. Nc3 Nbd7 9. f4 Be7 10. Be3 b6
11. b4 b5 12. Qb3 Ng4 13. Bc1 Qa7 14. Ne2 Bf6 15. Bb2 e5 16. cxb5 exd4 17. Qd5 Ne3 18. Qxd6 Nxf1 19. Rxf1 Be7 20. Qd5 Bb7
21. Qxd4 Qxd4+ 22. Nxd4 Bxb4 23. Nf5 O-O 24. Bxg7 Bc5+ 25. Bd4 Bxd4+ 26. Nxd4 axb5 27. Bxb5 Nc5 28. a4 Nxa4 29. e5 Nc3 30. Bc6 Bxc6
31. Nxc6 Ne2+ 32. Kf2 Nxf4 33. Ne7+ Kh8 34. Kg3 Nd3 35. Kh3 Rfe8 36. Nf5 Rxe5 37. Nd6 Rh5+ 38. Kg4 Rxh2 39. Kg3 Rh5 40. Nxf7+ Kg7
41. Nd6 Rg5+ 42. Kh3 Ra3 43. Ne8+ Kg6 44. Kh4 Ra4+ 45. Kh3 Rag4 46. Rf3 Nf4+
0-1

[Event "The Viking Invasion"]
[Site "SchemingMind.com"]
[Date "2015.04.30"]
[Round "-"]
[White "Dinomat"]
[Black "GBEDARD"]
[Result "1-0"]
[WhiteCountry "GER"]
[BlackCountry "USA"]
[WhiteElo "2488"]
[WhiteRD "90"]
[BlackElo "2054"]
[BlackRD "67"]
[GameID "379279"]

1. d4 Nf6 2. c4 e6 3. Nf3 c5 4. d5 exd5 5. cxd5 d6 6. e4 g6 7. Bd3 Bg7 8. h3 O-O 9. Nc3 b5 10. Nxb5 Re8
11. O-O Nxe4 12. Re1 a6 13. Nc3 Nxc3 14. Rxe8+ Qxe8 15. bxc3 Bxc3 16. Rb1 Nd7 17. Qa4 Nf6 18. Qc4 Ba5 19. Bg5 Nh5 20. g4 Ng7
21. Qf4 Qd7 22. Nd2 Bd8 23. Bh6 Bb7 24. Bc4 Be7 25. Ne4 Ne8 26. Rb3 Rc8 27. Rf3 f6 28. Qd2 Rc7 29. Qe3 Kh8 30. Qd3 Qa4
31. Re3 Qd7 32. Qe2 Bc8 33. g5 fxg5 34. Nxg5 Kg8 35. Ne6 Rb7 36. Qe1 Ra7 37. a3 Nf6 38. Rf3 Qe8 39. Qa1 Bd7 40. Bg5 Bxe6
41. dxe6 d5 42. Ba2 c4 43. Bxf6 Rb7 44. Qd4 Qa8 45. Kg2 Bxf6 46. Qxf6 Qe8 47. Qg5 h6 48. Qxd5 Rg7 49. Bxc4 Kh7 50. Rf7
1-0

[Event "The Viking Invasion"]
[Site "SchemingMind.com"]
[Date "2015.05.01"]
[Round "-"]
[White "William Lindberg"]
[Black "Dinomat"]
[Result "0-1"]
[WhiteCountry "USA"]
[BlackCountry "GER"]
[WhiteElo "2250"]
[WhiteRD "66"]
[BlackElo "2465"]
[BlackRD "89"]
[GameID "379280"]

1. d4 d6 2. e4 Nf6 3. Nc3 Nbd7 4. Nf3 e5 5. Bc4 Be7 6. O-O O-O 7. h3 c6 8. a3 b5 9. Ra2 bxc4 10. Qe2 Qc7
11. Rd1 a5 12. Be3 Re8 13. dxe5 Nxe5 14. Bf4 Nxf3+ 15. Qxf3 Be6 16. Raa1 Rad8 17. Rab1 Qc8 18. Bg3 d5 19. e5 Nd7 20. Ne2 a4
21. Nd4 Qc7 22. Nxe6 fxe6 23. Qe2 Rb8 24. Rdc1 Rb5 25. Kh2 Qb6 26. Ra1 Rxb2 27. f4 Rf8 28. Kh1 Rf5 29. Qd2 Nc5 30. Bf2 Qb5
31. Bxc5 Bxc5 32. Rf1 d4 33. Qd1 d3 34. cxd3 c3 35. Qe1 c2 36. Qc1 Qb3 37. Kh2 Bd4 38. Qd2 Rb1 39. Rfxb1 cxb1=Q 40. Rxb1 Qxb1
41. h4 Qg1+ 42. Kg3 Be3
0-1

[Event "The Viking Invasion"]
[Site "SchemingMind.com"]
[Date "2015.05.01"]
[Round "-"]
[White "Dinomat"]
[Black "William Lindberg"]
[Result "1-0"]
[WhiteCountry "GER"]
[BlackCountry "USA"]
[WhiteElo "2496"]
[WhiteRD "91"]
[BlackElo "2227"]
[BlackRD "67"]
[GameID "379281"]

1. c4 e5 2. g3 Nc6 3. Nc3 Bc5 4. Bg2 Nf6 5. e3 d6 6. Nge2 O-O 7. O-O Bf5 8. d4 Bb6 9. h3 h6 10. g4 Bh7
11. f4 exd4 12. exd4 Qd7 13. f5 Rfe8 14. Kh1 Rad8 15. Bf4 Kh8 16. Na4 d5 17. c5 Ba5 18. a3 b5 19. Nac3 Bxc3 20. Nxc3 a6
21. b4 Ne4 22. Nxe4 dxe4 23. d5 Ne5 24. Qc2 Qxd5 25. Rad1 Nd3 26. Bxc7 Rc8 27. Bg3 Qc4 28. Rd2 a5 29. Qxc4 bxc4 30. Rc2 axb4
31. axb4 e3 32. Rxc4 g6 33. Bb7 e2 34. Rg1 Re3 35. Kh2 Rce8 36. c6 gxf5 37. c7 fxg4 38. hxg4 e1=Q 39. Rxe1 Nxe1 40. Rd4 Kg7
41. Rd8 Be4 42. Rxe8 Nf3+ 43. Kg2 Bxb7 44. Rxe3 Nd4+ 45. Kf2 Ne6 46. b5 Kf8 47. b6 Ke7 48. g5 hxg5 49. Rd3 Ba6 50. Kg1 Bc8
51. Be5 Nxc7 52. bxc7 Bb7 53. Bd6+ Ke6 54. Bf4 gxf4 55. Rd8 Kf5 56. c8=Q+ Bxc8 57. Rxc8 f6 58. Re8 f3 59. Kf2 Kf4 60. Re3 Kg4
61. Rxf3 f5 62. Ke3 Kg5 63. Rf2 Kf6 64. Kf4 Ke7 65. Ke5 f4 66. Rxf4 Kd7 67. Rc4 Ke7 68. Rc7+ Kd8 69. Ra7 Ke8 70. Kd6 Kf8
71. Ke6
1-0